000
00275nam a22001217a 4500
003
OSt
008
250122b |||||||| |||| 00| 0 eng d
041
_a
eng
082
_a
631.587
100
_a
Dahi Goankara
_9
6979
245
_a
Text Book of Irrigation Engineering
942
_c
BK
999
_c
19105
_d
19105